LEADER 00852nam0-22002891i-450- 001 990004265060403321 005 19990530 035 $a000426506 035 $aFED01000426506 035 $a(Aleph)000426506FED01 035 $a000426506 100 $a19990530d1952----km-y0itay50------ba 101 0 $alat$ager 105 $ay-------00-a- 200 1 $aAmor und Psyche$fde Apuleius$gMit einem Kommentar von Erich Neumann. Emi Beitrag zur seclischen Entsvichlung des Weiblichen 210 $aZurich$cRascher$d1952 215 $a217 p.$d20 cm 225 1 $a<>Erbe der Antike 700 1$aApuleius$f<2. sec.>$0384745 702 1$aNeumann,$bErich 801 0$aIT$bUNINA$gRICA$2UNIMARC 901 $aBK 912 $a990004265060403321 952 $aI - F - 36$b26.886$fFLFBC 959 $aFLFBC 996 $aAmor und Psyche$9491008 997 $aUNINA LEADER 00898nam0-2200289---450- 001 990008502480403321 005 20070720140028.0 035 $a000850248 035 $aFED01000850248 035 $a(Aleph)000850248FED01 035 $a000850248 100 $a20070417d1898----km-y0itay50------ba 101 0 $aita 102 $aIT 105 $ay---j---001yy 200 1 $aTesto di geografia per le scuole secondarie superiori$elicei, istituti tecnici, collegi militari, scuole normali$fF.M. Pasanisi 205 $a2. ed. 210 $aRoma$cDante Alighieri$d1898 215 $aVII, 931 p.$d21 cm 700 1$aPasanisi,$bFrancesco Maria$f<1852-1905>$0300713 801 0$aIT$bUNINA$gRICA$2UNIMARC 901 $aBK 912 $a990008502480403321 952 $aX-03-019$bIst. 329$fILFGE 959 $aILFGE 996 $aTesto di geografia per le scuole secondarie superiori$9450132 997 $aUNINA LEADER 01047nam a2200277 a 4500 001 991003257089707536 008 031013s enk 000 0 eng d 020 $a0521792592 (hbk.) 020 $a0521796806 (pbk.) 035 $ab12401274-39ule_inst 040 $aDip.to Fisica 082 0 $a551.524 084 $aLC GC190.2 084 $a52.9.3 100 1 $aCsanady, G. T.$012069 245 10$aAir-sea interaction :$blaws and mechanisms /$cG.T. Csanady ; illustrations prepared by Mary Gibson 260 $aCambridge ;$aNew York :$bCambridge University Press,$c2001 300 $avii, 239 p. :$bill., maps ;$c26 cm 504 $aIncludes bibliographical references (p. 225-236) and index 650 0$aOcean-atmosphere interaction 907 $a.b12401274$b21-09-06$c13-10-03 912 $a991003257089707536 945 $aLE006 52.9.3 CSA$g1$i2006000091152$lle006$o-$pE30.67$q-$rl$s- $t0$u0$v0$w0$x0$y.i1281149x$z13-10-03 996 $aAir-sea interaction$9167452 997 $aUNISALENTO 998 $ale006$b13-10-03$cm$da $e-$feng$genk$h0$i1